[Event "66.Semifinale Camp. Italiano"]
[Site "Cortina d'Ampezzo ITA"]
[Date "2006.07.16"]
[Round "9.1"]
[White "Brunello, Sabino"]
[Black "Bruno, Fabio"]
[Result "1/2-1/2"]
[WhiteElo "2391"]
[BlackElo "2388"]
[Annotator "Gabriele Ballarin"]
[PlyCount "21"]
[EventDate "2006.07.09"]
[EventType "swiss"]
[EventRounds "9"]
[EventCountry "ITA"]

1. e4 c5 2. Nf3 e6 3. d4 cxd4 4. Nxd4 Nc6 5. Nc3 a6 6. Be3 Qc7 7. Qd2 Nf6 8. O-O-O Bb4 9. f3 Ne5 10. Nb3 O-O 11. Bd4 1/2-1/2

[Event "66.Semifinale Camp. Italiano"]
[Site "Cortina d'Ampezzo ITA"]
[Date "2006.07.16"]
[Round "9.2"]
[White "Scalcione, Michelangelo"]
[Black "Genocchio, Daniele"]
[Result "1-0"]
[WhiteElo "2267"]
[BlackElo "2345"]
[Annotator "Gabriele Ballarin"]
[PlyCount "117"]
[EventDate "2006.07.09"]
[EventType "swiss"]
[EventRounds "9"]
[EventCountry "ITA"]

1. Nf3 g6 2. c4 Bg7 3. d4 c5 4. e4 Qa5+ 5. Bd2 Qb6 6. Bc3 cxd4 7. Bxd4 Bxd4 8. Qxd4 Qxd4 9. Nxd4 Nc6 10. Nc2 Nf6 11. Nc3 O-O 12. Be2 d6 13. f3 Bd7 14. Kf2 Rac8 15. Rac1 Rfd8 16. Rhd1 Kf8 17. Ne3 Be8 18. Rd2 Nd7 19. Ncd5 a6 20. Rb1 e6 21. Nc3 Ke7 22. b4 Na7 23. a4 a5 24. c5 dxc5 25. bxa5 Rb8 26. Rdb2 Nc6 27. Nc4 Nb4 28. Na2 Nxa2 29. Rxa2 Nf6 30. Rab2 Bxa4 31. Rxb7+ Nd7 32. a6 Bc6 33. Rxb8 Rxb8 34. Rxb8 Nxb8 35. Na5 Ba8 36. Bb5 f6 37. Nc4 Kd8 38. Nb6 Nxa6 39. Nxa8 Nb4 40. Nb6 h6 41. Be2 Kc7 42. Nc4 Nc6 43. Ke3 g5 44. Bd1 e5 45. Ba4 Nd4 46. Kd3 Ne6 47. Ne3 Nf4+ 48. Kd2 Kd8 49. Bb3 Ng6 50. g3 Ne7 51. Ng4 f5 52. Nxh6 fxe4 53. fxe4 Nc6 54. Nf7+ Ke7 55. Nxg5 Nd4 56. Bd1 Kf6 57. Nf3 Nb5 58. Bb3 Nd6 59. Bd5 1-0

[Event "66.Semifinale Camp. Italiano"]
[Site "Cortina d'Ampezzo ITA"]
[Date "2006.07.16"]
[Round "9.3"]
[White "Ronchetti, Niccolo"]
[Black "Vocaturo, Daniele"]
[Result "1/2-1/2"]
[WhiteElo "2421"]
[BlackElo "2410"]
[Annotator "Gabriele Ballarin"]
[PlyCount "35"]
[EventDate "2006.07.09"]
[EventType "swiss"]
[EventRounds "9"]
[EventCountry "ITA"]

1. e4 c5 2. Nf3 d6 3. Bb5+ Bd7 4. Bxd7+ Qxd7 5. O-O Nf6 6. e5 dxe5 7. Nxe5 Qd6 8. Qe2 e6 9. Na3 Be7 10. Nac4 Qd8 11. b3 O-O 12. Bb2 Nbd7 13. a4 Nxe5 14. Qxe5 Qd5 15. Qc7 Qd7 16. Qg3 Rfd8 17. Rae1 Ne8 18. f4 {=} 1/2-1/2

[Event "66.Semifinale Camp. Italiano"]
[Site "Cortina d'Ampezzo ITA"]
[Date "2006.07.16"]
[Round "9.5"]
[White "Piscopo, Pierluigi"]
[Black "Satta, Vladimiro"]
[Result "1/2-1/2"]
[WhiteElo "2393"]
[BlackElo "2221"]
[Annotator "Gabriele Ballarin"]
[PlyCount "82"]
[EventDate "2006.07.09"]
[EventType "swiss"]
[EventRounds "9"]
[EventCountry "ITA"]

1. e4 g6 2. d4 Bg7 3. Nc3 d6 4. Be3 a6 5. g3 Nc6 6. Bg2 e5 7. Nge2 Bg4 8. f3 exd4 9. Nxd4 Bd7 10. O-O Nf6 11. h3 O-O 12. Nde2 Re8 13. Qd2 Ne5 14. b3 b5 15. Bg5 Bc6 16. a4 bxa4 17. Nd4 Bb7 18. Rxa4 Ned7 19. Rfa1 Nb6 20. Ra5 Re5 21. f4 Rxa5 22. Rxa5 h6 23. Bxf6 Bxf6 24. e5 Bxg2 25. Qxg2 dxe5 26. Nc6 Qe8 27. fxe5 Bg7 28. Nd5 Nxd5 29. Qxd5 Kh7 30. Kf2 Qc8 31. g4 Qb7 32. Kg2 Re8 33. Rc5 Re6 34. Qf3 Qb6 35. b4 a5 36. c3 axb4 37. cxb4 Qa6 38. Nd4 Re7 39. Nc6 Rd7 40. Rc2 Qa1 41. Re2 Qd1 1/2-1/2

[Event "66.Semifinale Camp. Italiano"]
[Site "Cortina d'Ampezzo ITA"]
[Date "2006.07.16"]
[Round "9.8"]
[White "Mogranzini, Roberto"]
[Black "Martorelli, Antonio"]
[Result "1/2-1/2"]
[WhiteElo "2353"]
[BlackElo "2264"]
[Annotator "Gabriele Ballarin"]
[PlyCount "102"]
[EventDate "2006.07.09"]
[EventType "swiss"]
[EventRounds "9"]
[EventCountry "ITA"]

1. e4 c5 2. Nf3 e6 3. d4 cxd4 4. Nxd4 a6 5. Bd3 g6 6. O-O Bg7 7. Be3 Nc6 8. Nxc6 bxc6 9. Nd2 Bxb2 10. Nc4 Bxa1 11. Nd6+ Kf8 12. Qxa1 f6 13. e5 f5 14. Qb2 Kg7 15. g3 h6 16. Rd1 Ne7 17. Bb6 Qf8 18. Bc5 Qd8 19. Bb6 Qf8 20. c4 Rb8 21. Qd4 Rg8 22. Ba7 Ra8 23. Bc5 Qd8 24. Be2 a5 25. Qh4 g5 26. Qd4 Ba6 27. Bh5 Ng6 28. Bf3 Rf8 29. Qc3 Rb8 30. h3 Qc7 31. Bh5 Qd8 32. Kh2 Kh7 33. Bf3 Qe7 34. Nb7 Qg7 35. Bxf8 Rxf8 36. Nxa5 Nxe5 37. Kg2 Rb8 38. Be2 d5 39. Qa3 dxc4 40. Qd6 Rb2 41. Bf1 Rxa2 42. Nxc4 Qa7 43. Nb6 Bxf1+ 44. Kxf1 Ra1 45. Rxa1 Qxa1+ 46. Kg2 Qe1 47. Qe7+ Kh8 48. Qf6+ Kh7 49. Qe7+ Kh8 50. Qf6+ Kh7 51. Qe7+ Kh8 1/2-1/2

[Event "66.Semifinale Camp. Italiano"]
[Site "Cortina d'Ampezzo ITA"]
[Date "2006.07.16"]
[Round "9.9"]
[White "Pechy, Alaster"]
[Black "Brancaleoni, Maurizio"]
[Result "0-1"]
[WhiteElo "2169"]
[BlackElo "2275"]
[Annotator "Gabriele Ballarin"]
[PlyCount "78"]
[EventDate "2006.07.09"]
[EventType "swiss"]
[EventRounds "9"]
[EventCountry "ITA"]

1. Nf3 c5 2. g3 Nc6 3. Bg2 d5 4. d4 Nf6 5. O-O Bg4 6. Ne5 cxd4 7. Nxg4 Nxg4 8. e3 Nf6 9. exd4 e6 10. Re1 Be7 11. c3 O-O 12. Nd2 b5 13. Nf3 Rc8 14. Ne5 Nxe5 15. dxe5 Nd7 16. Bf1 Qb6 17. Be3 Bc5 18. Bxc5 Nxc5 19. Qd4 Rc6 20. Bd3 Nxd3 21. Qxd3 Rfc8 22. a3 Rc4 23. Rad1 a5 24. Qe3 Qxe3 25. Rxe3 g5 26. f3 h5 27. Red3 Kg7 28. h3 g4 29. hxg4 hxg4 30. f4 Kg6 31. Kf2 Rh8 32. Kg2 Re4 33. R3d2 Re3 34. Rf2 Kf5 35. a4 bxa4 36. Ra1 Rh3 37. Rxa4 Re1 38. Rxa5 Reh1 39. Ra8 R3h2# 0-1

[Event "66.Semifinale Camp. Italiano"]
[Site "Cortina d'Ampezzo ITA"]
[Date "2006.07.16"]
[Round "9.10"]
[White "Ubezio, Marco"]
[Black "Paglietti, Nicola"]
[Result "1-0"]
[WhiteElo "2161"]
[BlackElo "2293"]
[Annotator "Gabriele Ballarin"]
[PlyCount "77"]
[EventDate "2006.07.09"]
[EventType "swiss"]
[EventRounds "9"]
[EventCountry "ITA"]

1. d4 Nf6 2. Bg5 g6 3. Bxf6 exf6 4. c4 Bg7 5. Nc3 f5 6. g3 d6 7. Bg2 O-O 8. e3 c6 9. Nge2 Nd7 10. O-O Nf6 11. Qc2 Re8 12. b4 Bd7 13. b5 Qc7 14. bxc6 Bxc6 15. Bxc6 Qxc6 16. Qb3 Qf3 17. Nf4 Qc6 18. Rab1 b6 19. Nfd5 Ne4 20. Nxe4 fxe4 21. Qb5 Qc8 22. a4 Qd8 23. a5 bxa5 24. Ra1 a6 25. Qxa5 Ra7 26. Qxd8 Rxd8 27. Ra5 Rc8 28. Rfa1 Rc6 29. R1a4 f5 30. Nf4 Kf7 31. Ne6 Rb6 32. d5 Bc3 33. Rb5 axb5 34. Rxa7+ Kf6 35. Nf8 Kg5 36. Nd7 Ba5 37. Nxb6 Bxb6 38. Rb7 Bc5 39. cxb5 1-0

[Event "66.Semifinale Camp. Italiano"]
[Site "Cortina d'Ampezzo ITA"]
[Date "2006.07.16"]
[Round "9.11"]
[White "Guido, Flavio"]
[Black "Rombaldoni, Axel"]
[Result "1-0"]
[WhiteElo "2323"]
[BlackElo "2169"]
[Annotator "Gabriele Ballarin"]
[PlyCount "35"]
[EventDate "2006.07.09"]
[EventType "swiss"]
[EventRounds "9"]
[EventCountry "ITA"]

1. e4 c5 2. c3 Nf6 3. e5 Nd5 4. d4 cxd4 5. Nf3 e6 6. cxd4 d6 7. Bc4 Nc6 8. O-O Be7 9. Qe2 O-O 10. Nc3 Nxc3 11. bxc3 dxe5 12. dxe5 Qa5 13. Bd2 b6 14. Bb5 Bb7 15. a3 Rfd8 16. Be1 Bxa3 17. Nd4 Rac8 18. Nb3 1-0

[Event "66.Semifinale Camp. Italiano"]
[Site "Cortina d'Ampezzo ITA"]
[Date "2006.07.16"]
[Round "9.12"]
[White "Franchini, Gabriele"]
[Black "Puzzoni, Christian"]
[Result "1-0"]
[WhiteElo "2292"]
[BlackElo "2066"]
[Annotator "Gabriele Ballarin"]
[PlyCount "81"]
[EventDate "2006.07.09"]
[EventType "swiss"]
[EventRounds "9"]
[EventCountry "ITA"]

1. d4 d5 2. c4 e5 3. dxe5 d4 4. Nf3 Nc6 5. a3 Bg4 6. Nbd2 a5 7. g3 f6 8. exf6 Nxf6 9. Bg2 Bc5 10. Nb3 Ba7 11. Bd2 O-O 12. Nxa5 Bxf3 13. Bxf3 Ne5 14. O-O Nfg4 15. c5 Qf6 16. b4 Kh8 17. Nb3 Rad8 18. h3 Nxf3+ 19. exf3 Ne5 20. f4 Ng6 21. Qf3 Bb8 22. Rad1 Qf5 23. Kh2 c6 24. Rfe1 Rd5 25. Qe4 Qd7 26. Qe6 Qd8 27. Bc1 d3 28. Bb2 Nxf4 29. Qe7 Nh5 30. Qxd8 Rdxd8 31. Kg2 Rf7 32. Rxd3 Rdf8 33. Re2 Kg8 34. Nd4 Nf6 35. Ne6 Re8 36. Bxf6 Rxf6 37. Rde3 Ba7 38. Ng5 Ref8 39. Re7 h6 40. Ne4 Rf3 41. Re3 1-0

[Event "66.Semifinale Camp. Italiano"]
[Site "Cortina d'Ampezzo ITA"]
[Date "2006.07.16"]
[Round "9.13"]
[White "Bonafede, Alessandro"]
[Black "Sbarra, Marco"]
[Result "1/2-1/2"]
[WhiteElo "2175"]
[BlackElo "2290"]
[Annotator "Gabriele Ballarin"]
[PlyCount "131"]
[EventDate "2006.07.09"]
[EventType "swiss"]
[EventRounds "9"]
[EventCountry "ITA"]

1. e4 e5 2. Nf3 Nc6 3. Bb5 a6 4. Ba4 Nf6 5. O-O b5 6. Bb3 Bc5 7. c3 d6 8. d4 Bb6 9. Bg5 h6 10. Bh4 Bg4 11. Bd5 Qd7 12. Bxf6 gxf6 13. a4 Rb8 14. axb5 axb5 15. Bxc6 Qxc6 16. Nxe5 fxe5 17. Qxg4 exd4 18. e5 Kf8 19. exd6 Rg8 20. Qh3 Qxd6 21. cxd4 Bxd4 22. Nc3 Rg6 23. Rad1 Qc5 24. Qf3 Rd8 25. Rd2 b4 26. Ne4 Qe5 27. Ng3 Rf6 28. Qe4 Qxe4 29. Nxe4 Re6 30. Nc5 Re5 31. Nb3 c5 32. Rfd1 Rde8 33. Kf1 Rc8 34. Nxd4 cxd4 35. Rxd4 Rc2 36. Rxb4 Ree2 37. Rf4 Rxb2 38. Rd7 Re7 39. Rd8+ Kg7 40. g3 Rb6 41. Kg2 Ra6 42. h4 Rf6 43. Rxf6 Kxf6 44. Rd6+ Kg7 45. g4 Ra7 46. Kg3 Rb7 47. h5 Rb3+ 48. f3 Ra3 49. Rd5 Ra1 50. Kf4 Ra4+ 51. Kf5 Ra3 52. f4 Rh3 53. Rd4 Rh1 54. Ke5 Rg1 55. f5 Re1+ 56. Kf4 Rf1+ 57. Kg3 Rg1+ 58. Kf2 Ra1 59. Rd6 Ra2+ 60. Kg3 Ra3+ 61. Kh4 Rf3 62. Rd4 Kf6 63. Rd6+ Kg7 64. Ra6 Rf4 65. Kg3 Rf1 66. Kg2 1/2-1/2

[Event "66.Semifinale Camp. Italiano"]
[Site "Cortina d'Ampezzo ITA"]
[Date "2006.07.16"]
[Round "9.15"]
[White "Pizzuto, Samuele Tullio"]
[Black "Alberton, Roberto"]
[Result "0-1"]
[WhiteElo "2201"]
[BlackElo "2128"]
[Annotator "Gabriele Ballarin"]
[PlyCount "126"]
[EventDate "2006.07.09"]
[EventType "swiss"]
[EventRounds "9"]
[EventCountry "ITA"]

1. d4 Nf6 2. Nc3 d5 3. Bg5 c6 4. e3 Qb6 5. Rb1 Bf5 6. Bd3 Bg6 7. f4 Bxd3 8. cxd3 Nbd7 9. Nf3 e6 10. O-O Be7 11. Ne5 Qc7 12. b4 O-O 13. Qe2 Rfc8 14. Rfc1 Qd8 15. Na4 Nxe5 16. dxe5 Nd7 17. Bxe7 Qxe7 18. d4 b5 19. Nc5 Nb6 20. a4 Nc4 21. axb5 cxb5 22. Ra1 Rc7 23. Ra6 Qh4 24. Rf1 h5 25. h3 g6 26. Kh2 Qe7 27. g3 Kg7 28. Rf2 Qe8 29. Qf3 Qc8 30. Rfa2 Nb6 31. Qe2 Na4 32. R6xa4 bxa4 33. Rxa4 Rb8 34. Kg2 Qe8 35. Qa2 Qb5 36. Kf2 Rc6 37. Qc2 Rcb6 38. Qa2 Kg8 39. Kg2 Qc4 40. Nd7 Rxb4 41. Qxc4 dxc4 42. Rxa7 Rc8 43. Nc5 c3 44. Ra1 c2 45. Rc1 Rc4 46. Kf3 Rb8 47. Ke2 Rb1 48. Kd2 Rxc1 49. Kxc1 Kf8 50. Ne4 Ke7 51. g4 h4 52. f5 gxf5 53. gxf5 exf5 54. Nd6 Rc3 55. Nxf5+ Ke6 56. Nxh4 Kd5 57. Ng2 Kc4 58. Ne1 Kb3 59. d5 Rxe3 60. Nxc2 Rc3 61. e6 Rxc2+ 62. Kd1 fxe6 63. dxe6 Rc6 0-1

[Event "66.Semifinale Camp. Italiano"]
[Site "Cortina d'Ampezzo ITA"]
[Date "2006.07.16"]
[Round "9.16"]
[White "Piva, Giorgio"]
[Black "Fontana, Enrico"]
[Result "1/2-1/2"]
[WhiteElo "2129"]
[BlackElo "2122"]
[Annotator "Gabriele Ballarin"]
[PlyCount "99"]
[EventDate "2006.07.09"]
[EventType "swiss"]
[EventRounds "9"]
[EventCountry "ITA"]

1. d4 d5 2. Bf4 Nf6 3. e3 e6 4. Nd2 Bd6 5. Bg3 O-O 6. Bd3 Nbd7 7. Ngf3 Qe7 8. Ne5 c5 9. c3 Rd8 10. f4 Nf8 11. Bh4 Qc7 12. Qf3 Be7 13. Bxf6 Bxf6 14. O-O b5 15. a3 Rb8 16. Rfc1 Bxe5 17. fxe5 Bd7 18. Bc2 Qb6 19. Nb3 cxd4 20. exd4 a5 21. Nc5 a4 22. Qd3 Be8 23. Rf1 g6 24. Rf3 Nd7 25. Nxd7 Rxd7 26. Qe3 Ra7 27. Qh6 f5 28. exf6 e5 29. Rd1 e4 30. Rf4 Rf7 31. Qg5 Qe6 32. Rdf1 b4 33. axb4 Bb5 34. Re1 Rbf8 35. Bd1 Rxf6 36. Rxf6 Rxf6 37. Be2 Bxe2 38. Rxe2 Qf7 39. h3 Rf1+ 40. Kh2 Rf5 41. Qd8+ Kg7 42. Qh4 Rf4 43. Qe1 Rf1 44. Qg3 Rh1+ 45. Kxh1 Qf1+ 46. Kh2 Qxe2 47. Qe5+ Kh6 48. Qf4+ Kg7 49. Qe5+ Kh6 50. Qf4+ 1/2-1/2

[Event "66.Semifinale Camp. Italiano"]
[Site "Cortina d'Ampezzo ITA"]
[Date "2006.07.16"]
[Round "9.18"]
[White "Frigieri, Fabrizio"]
[Black "Campini, Marco"]
[Result "0-1"]
[WhiteElo "2098"]
[BlackElo "2100"]
[Annotator "Gabriele Ballarin"]
[PlyCount "118"]
[EventDate "2006.07.09"]
[EventType "swiss"]
[EventRounds "9"]
[EventCountry "ITA"]

1. e4 d6 2. d4 Nd7 3. Bc4 e5 4. Nf3 Be7 5. O-O c6 6. a4 Qc7 7. Nc3 Nf8 8. h3 h6 9. Qd3 Ng6 10. Be3 Nf6 11. Rad1 a6 12. Ra1 a5 13. Nd2 Nh5 14. Ne2 O-O 15. g4 Nhf4 16. Bxf4 Nxf4 17. Nxf4 exf4 18. Qf3 Bd7 19. Bd3 b5 20. Rfe1 bxa4 21. c4 Rab8 22. Rab1 Rb4 23. e5 d5 24. cxd5 cxd5 25. Rec1 Qb7 26. Bc2 Rxd4 27. Qc3 Qb4 28. Qc7 Rxd2 29. Qxd7 Qd4 30. Rf1 Qxe5 31. Bxa4 f3 32. Qf5 Qd4 33. Bd1 Rb8 34. Bxf3 g6 35. Qd7 Bh4 36. Qd6 Bxf2+ 37. Kh1 Rf8 38. Bxd5 Qe3 39. Qxg6+ Kh8 40. Qf6+ Kh7 41. Bg2 Re2 42. Rbd1 Kg8 43. Rd5 Re1 44. g5 Rxf1+ 45. Bxf1 Qe4+ 46. Kh2 Qxd5 47. gxh6 Qd4 48. h7+ Kxh7 49. Qf5+ Kh6 50. Bd3 Qd6+ 51. Kg2 Qg6+ 52. Kxf2 Qxf5+ 53. Bxf5 Rb8 54. Ke3 Kg5 55. Bd7 Rxb2 56. Kd3 Rb4 57. Kc3 f5 58. Bc8 Rf4 59. Kb3 Kh4 0-1

[Event "66.Semifinale Camp. Italiano"]
[Site "Cortina d'Ampezzo ITA"]
[Date "2006.07.16"]
[Round "9.20"]
[White "Gaspari, Mauro"]
[Black "Astengo, Corrado"]
[Result "1/2-1/2"]
[WhiteElo "1805"]
[BlackElo "2119"]
[Annotator "Gabriele Ballarin"]
[PlyCount "36"]
[EventDate "2006.07.09"]
[EventType "swiss"]
[EventRounds "9"]
[EventCountry "ITA"]

1. c4 c6 2. Nc3 d5 3. cxd5 cxd5 4. d4 Nf6 5. Nf3 Nc6 6. e3 a6 7. Be2 Bg4 8. O-O e6 9. Bd2 Bd6 10. Rc1 Rc8 11. Na4 Ne4 12. Nc5 Qe7 13. Nxe4 dxe4 14. Ne5 Bxe2 15. Qxe2 Bxe5 16. dxe5 O-O 17. Qg4 Nxe5 18. Qxe4 Nc6 1/2-1/2

[Event "66.Semifinale Camp. Italiano"]
[Site "Cortina d'Ampezzo ITA"]
[Date "2006.07.16"]
[Round "9.21"]
[White "Pomaro, Alberto"]
[Black "Milazzo, Mario"]
[Result "1/2-1/2"]
[WhiteElo "2046"]
[BlackElo "2110"]
[Annotator "M. Milazzo"]
[PlyCount "42"]
[EventDate "2006.07.09"]
[EventType "swiss"]
[EventRounds "9"]
[EventCountry "ITA"]

1. d4 f5 2. g3 Nf6 3. Bg2 g6 4. Nf3 Bg7 5. O-O d6 6. d5 O-O 7. c4 Qe8 8. Nc3 a5 9. Nd4 Na6 10. b3 Bd7 11. Bb2 Nc5 12. e3 Qf7 13. a3 h5 14. b4 axb4 15. axb4 Rxa1 16. Qxa1 Nd3 17. Ba3 Ra8 18. Nb1 Nxb4 19. Qb2 c5 20. dxc6 Nxc6 21. Qxb7 Rb8 1/2-1/2

[Event "66.Semifinale Camp. Italiano"]
[Site "Cortina d'Ampezzo ITA"]
[Date "2006.07.16"]
[Round "9.22"]
[White "Laghetti, Gaetano"]
[Black "Astengo, Marcello"]
[Result "0-1"]
[WhiteElo "1972"]
[BlackElo "2109"]
[Annotator "Gabriele Ballarin"]
[PlyCount "80"]
[EventDate "2006.07.09"]
[EventType "swiss"]
[EventRounds "9"]
[EventCountry "ITA"]

1. d4 d5 2. c4 c6 3. Nf3 e6 4. Nc3 dxc4 5. a4 Bb4 6. e3 b5 7. axb5 cxb5 8. Bd2 Bxc3 9. Bxc3 Bb7 10. b3 a5 11. bxc4 b4 12. Bb2 Nf6 13. Be2 Nbd7 14. O-O O-O 15. Nd2 Qc7 16. Bf3 Bxf3 17. Qxf3 a4 18. c5 {=} a3 19. Bc1 Nd5 20. Nb3 Rfb8 21. Bd2 Qb7 22. Rfc1 Qc6 23. Qe2 N7f6 24. f3 Rb5 25. e4 Ne7 26. Bg5 {=} Qa6 27. Rc4 Nc6 28. Bd2 Qa4 29. Qd3 Rd8 30. Bc1 Ne5 31. Rxa3 bxa3 32. dxe5 Rxd3 33. Rxa4 Rdxb3 34. exf6 gxf6 35. Bxa3 Rc3 36. Ra8+ Kg7 37. Ra7 Rb1+ 38. Kf2 Ra1 39. c6 Raxa3 40. Rc7 Ra2+ 0-1

[Event "9.Città di Padova Open A"]
[Site "Padova Ex Fornace Carotta"]
[Date "2006.12.16"]
[Round "1.6"]
[White "Dragojlovic, Andjelko"]
[Black "Giordan, Daniele"]
[Result "1-0"]
[WhiteElo "2383"]
[BlackElo "1897"]
[Annotator "Gabriele Ballarin"]
[PlyCount "75"]
[EventDate "2006.12.16"]
[EventType "swiss"]
[EventRounds "9"]
[EventCountry "ITA"]

{[%evp 0,74,28,28,78,50,75,83,97,94,86,81,73,76,97,53,46,66,123,78,102,81,68,74,75,75,99,100,130,33,82,1,39,12,31,13,77,57,71,90,104,104,159,159,180,188,192,194,188,191,185,190,198,210,222,244,239,227,232,244,300,247,251,281,293,294,297,297,316,290,296,286,298,270,323,292,377]} 1. e4 d6 2. d4 Nf6 3. Nc3 g6 4. Nf3 Bg7 5. h3 O-O 6. Be3 c6 7. a4 Qb6 8. a5 Qc7 9. Qd2 e5 10. Be2 Be6 11. O-O Nbd7 12. Rfd1 exd4 13. Nxd4 d5 14. exd5 Bxd5 15. Nxd5 Nxd5 16. Bh6 Bxh6 17. Qxh6 Qf4 18. Qxf4 Nxf4 19. Bf1 Rad8 20. a6 Nc5 21. axb7 Nxb7 22. Nxc6 Rxd1 23. Rxd1 a5 24. Ra1 Re8 25. g3 Ne2+ 26. Kg2 Re6 27. Nxa5 Nd6 28. Rd1 Nf5 29. c3 Kg7 30. Nc4 Re4 31. Nd6 Nxd6 32. Rxd6 Nc1 33. b4 Re7 34. Rc6 Nb3 35. c4 Nd4 36. Rc8 Rb7 37. b5 Ne6 38. c5 1-0

[Event "9.Città di Padova Open A"]
[Site "Padova Ex Fornace Carotta"]
[Date "2006.12.16"]
[Round "1.7"]
[White "Battagin_214, Mosè"]
[Black "Vuelban, Virgilio"]
[Result "0-1"]
[WhiteElo "1847"]
[BlackElo "2341"]
[Annotator "Gabriele Ballarin"]
[PlyCount "79"]
[EventDate "2006.12.16"]
[EventType "swiss"]
[EventRounds "9"]
[EventCountry "ITA"]

{[%evp 0,78,28,35,49,46,63,51,51,-17,-7,-7,3,-21,26,41,43,-12,40,18,28,-18,4,-53,-56,-58,-57,-38,-41,-77,-77,-103,-98,-92,-107,-113,-113,-113,-113,-113,-91,-92,-98,-100,-103,-104,-80,-86,-94,-148,-65,-103,-36,-56,-114,-101,-98,-79,-63,-166,-147,-141,-131,-131,-74,-184,-176,-184,-170,-192,-199,-258,-228,-243,-268,-337,-337,-407,-427,-665,-816]} 1. e4 c5 2. Nc3 e6 3. f4 Nc6 4. Bb5 Nge7 5. Nf3 a6 6. Be2 Nd4 7. d3 Nec6 8. Be3 Be7 9. O-O O-O 10. Qd2 b5 11. Nd1 Bb7 12. Nf2 d5 13. Bxd4 cxd4 14. exd5 Qxd5 15. Ne4 Rac8 16. a3 f5 17. Ng3 e5 18. fxe5 Nxe5 19. Ne1 g6 20. Bf3 Nxf3+ 21. Nxf3 Bf6 22. Rae1 Qa2 23. Qc1 Rfe8 24. Re2 Bxf3 25. Rxf3 Rxe2 26. Nxe2 Qe6 27. Rf2 Qe3 28. Qd1 Bg5 29. Kf1 Qe5 30. g3 Be3 31. Rg2 g5 32. Ng1 g4 33. Qe2 h5 34. h3 Qd5 35. h4 Rf8 36. Ke1 Qa2 37. c3 f4 38. gxf4 Rxf4 39. Qd1 dxc3 40. bxc3 0-1

[Event "9.Città di Padova Open A"]
[Site "Padova Ex Fornace Carotta"]
[Date "2006.12.16"]
[Round "1.14"]
[White "Carini, Massimo"]
[Black "Topollaj, Mark"]
[Result "1-0"]
[WhiteElo "2176"]
[BlackElo "1440"]
[Annotator "Gabriele Ballarin"]
[PlyCount "69"]
[EventDate "2006.12.16"]
[EventType "swiss"]
[EventRounds "9"]
[EventCountry "ITA"]

1. e4 e6 2. d4 d5 3. e5 c5 4. c3 Nc6 5. Nf3 Nge7 6. Bd3 Ng6 7. O-O Be7 8. a3 O-O 9. b4 cxb4 10. cxb4 a6 11. Nc3 Qc7 12. Bd2 Bd7 13. Rc1 Rac8 14. Na4 Qd8 15. Nc5 Bxc5 16. Rxc5 Qe7 17. Be3 f5 18. Ng5 h6 19. Nh3 Qh4 20. f4 Qe7 21. Nf2 Qf7 22. Be2 Be8 23. Nd3 Nge7 24. a4 Na7 25. Rxc8 Nexc8 26. Nc5 Qe7 27. Qb3 Kh7 28. Rc1 Bd7 29. Nxb7 Bxa4 30. Qxa4 Qxb7 31. Bxa6 Qb8 32. Qd7 Qxb4 33. Qxe6 Qa3 34. Kf2 Ne7 35. Rc7 {Nur} 1-0

[Event "9.Città di Padova Open A"]
[Site "Padova Ex Fornace Carotta"]
[Date "2006.12.17"]
[Round "2.12"]
[White "Camosi, Roberto"]
[Black "Belloni, Umberto"]
[Result "0-1"]
[WhiteElo "1694"]
[BlackElo "1908"]
[Annotator "Gabriele Ballarin"]
[PlyCount "134"]
[EventDate "2006.12.16"]
[EventType "swiss"]
[EventRounds "9"]
[EventCountry "ITA"]

{[%evp 0,126,25,28,54,23,31,23,32,-63,-47,-70,-35,-31,-21,-77,-25,-66,-77,-62,-33,-43,-54,-52,-17,-39,19,-19,66,48,48,52,56,23,56,55,58,35,54,54,44,39,74,71,30,31,29,22,49,10,20,20,20,3,42,3,30,24,33,2,32,38,56,37,30,14,19,-10,34,33,27,32,33,47,63,28,0,0,38,-15,65,-29,55,-37,-22,-13,1,3,16,26,26,26,30,38,89,77,79,39,72,5,72,0,0,-95,-76,-159,-161,-222,-202,-202,-194,-169,-116,-182,-182,-182,-211,-265,-141,-256,-237,-282,-236,-409,-672,-982,-1222,-1213,-1262]} 1. e4 e6 2. d4 d5 3. e5 c5 4. Qg4 cxd4 5. Bd3 g6 6. Nf3 Nc6 7. a3 Qc7 8. Qg3 Nge7 9. O-O Nf5 10. Bxf5 gxf5 11. Re1 h6 12. Nbd2 a6 13. Nb3 Qd8 14. Nbxd4 Nxd4 15. Nxd4 Bd7 16. Bd2 h5 17. Bg5 h4 18. Qf4 Be7 19. Bxe7 Qxe7 20. h3 Rh5 21. Rad1 O-O-O 22. Qe3 Rg8 23. Nf3 Rh7 24. Kh2 Rhg7 25. Rg1 Kb8 26. Qd4 Bc6 27. Rd3 Rh7 28. Rc3 Rc8 29. Qf4 Bd7 30. Rxc8+ Bxc8 31. Qd4 Bd7 32. Nd2 Bc6 33. c4 dxc4 34. Nxc4 Rg7 35. Qd6+ Qxd6 36. Nxd6 f4 37. g3 hxg3+ 38. fxg3 f3 39. Rf1 Kc7 40. Rf2 b5 41. Rxf3 Bxf3 42. Ne8+ Kc6 43. Nxg7 Kd5 44. g4 Kxe5 45. Kg3 Be4 46. h4 f5 47. g5 f4+ 48. Kf2 a5 49. Ne8 Bg6 50. Nf6 Kf5 51. b3 e5 52. Nd7 e4 53. Nf6 b4 54. axb4 axb4 55. Nd5 e3+ 56. Ke1 Bf7 57. Nxb4 Bxb3 58. Nc6 Kg4 59. Nd4 Bf7 60. Nc2 Kf5 61. Ke2 Ke4 62. Ne1 Bc4+ 63. Kd1 f3 64. Nxf3 Kxf3 65. Ke1 Bf7 66. Kf1 Bh5 67. Ke1 e2 0-1

[Event "9.Città di Padova Open A"]
[Site "Padova Ex Fornace Carotta"]
[Date "2006.12.18"]
[Round "3.11"]
[White "Topollaj, Mark"]
[Black "Cozzarin, Davide"]
[Result "0-1"]
[WhiteElo "1440"]
[BlackElo "1943"]
[Annotator "Gabriele Ballarin"]
[PlyCount "86"]
[EventDate "2006.12.16"]
[EventType "swiss"]
[EventRounds "9"]
[EventCountry "ITA"]

1. e4 e6 2. d4 d5 3. Bd3 Nf6 4. f3 c5 5. c3 dxe4 6. fxe4 Nxe4 7. Nf3 Nf6 8. O-O Nc6 9. Bg5 cxd4 10. Bxf6 Qxf6 11. Nxd4 Qd8 12. Nxc6 bxc6 13. Qf3 Qc7 14. Nd2 Bd6 15. h3 O-O 16. Ne4 Be7 17. Qh5 g6 18. Qh6 Ba6 19. Bxa6 Qb6+ 20. Kh1 Qxa6 21. Qe3 Qb6 22. Qe2 Rad8 23. b3 Qb5 24. Qf3 Qd3 25. Qf4 Rd5 26. Rf3 Qe2 27. Rf2 Qh5 28. Qc7 Rd1+ 29. Rxd1 Qxd1+ 30. Kh2 Qd5 31. Re2 Re8 32. Qxa7 Bd6+ 33. g3 Be5 34. Qe3 Bg7 35. c4 Qe5 36. Qc5 Qxc5 37. Nxc5 Ra8 38. a4 Rb8 39. a5 Bd4 40. Nd7 Rxb3 41. Ra2 Rb7 42. Nb6 Bxb6 43. Rb2 Bg1+ 0-1